000 02098cam a22006014i 4500
003 PE-LiUPU
005 20250731170430.0
008 150623s r 000 0 d
020 _a0891077367
035 _a(Sirsi) i9780891077367
040 _aPE-LiUPU
_bspa
_cPE-LiUPU
_erda
049 _aPRUA
082 0 4 _a177
_bF34
_221
100 1 _aFeinberg, John S.,
_d1946-,
_eautor.
245 1 0 _aEthics for a brave new world /
_cJohn S. Feinberg.
264 1 _aWheaton, Illinois :
_bCrossway Books,
_c1993.
300 _a479 páginas ;
_c23 centímetros
336 _atext
_2rdacontent
337 _aunmediated
_2rdamedia
338 _avolume
_2rdacarrier
504 _aIncluye bibliografía.
505 0 _aMoral decision-making and the christian. Abortion. Abortion and special problems. Euthanasia. Capital punishment. Sexual morality. Birth control. Homosexuality. Genetic engineering-reproductive technologies. Genetic engineering and genes. Divorce and remarriage. Divorce and remarriage (II). The christian and war:christian faith in a nuclear age. The christian and the secular state. Clonación.
526 _aSEG68
526 _aSEG70
526 _aSEG69
526 _aSEG67
526 _aSEG43
526 _aP144
526 _aP143
526 _aP131
526 _aP122
526 _aP120
526 _aP117
526 _aP112
526 _aP110
526 _aP106
526 _aP101
526 _aP80
526 _aP59
526 _aP54
526 _aP35
526 _aP33
526 _aP30
650 0 4 _aÉtica cristiana.
_91047
650 0 4 _aÉtica social.
700 1 _aFeinberg, Paul D.
942 _2ddc
_cBOOK
949 _a177 F34
_wDEWEY
_c1
_i51187
_lCCODEBUL1
_mBUL
_p12.00
_r0
_sY
_tBOOK
_u2015-6-24
_xTEOLOGIA
_PP35
_0COMPRA
_o.STAFF. Colección General
994 _aC0
_bPEPRU
596 _a1
999 _a177 F34
_wDEWEY
_c32891
_i51187
_d32891
_f2021-11-4
_g5
_lCCODEBUL1
_mBUL
_p12.00
_q1
_r0
_sY
_tBOOK
_u2015-6-24
_xBIBLIOTECA
_PP35
_0COMPRA
_o.STAFF. Colección General
980 _81
_gALBERTO SANCHEZ Responsable de Automatización